Sports Quiz

Random Sports or Hockey Quiz

Current Los Angeles Kings Players Quiz Stats

 Plays Quiz not verified by Sporcle

Also try: NBA: Literally
Challenge
Share
Tweet
Embed
Score 0/26 Timer 10:00
0 Plays Today
Player Number Player Name % Correct
#8 [Defensemen]Drew Doughty
92.4%
#32 [Goalie]Jonathan Quick
87.1%
#10 [Center]Mike Richards
86.6%
#23 [Right Wing]Dustin Brown
86.2%
#77 [Center]Jeff Carter
84.4%
#2 [Defensemen]Matt Greene
83.5%
#11 [Center]Anže Kopitar
82.6%
#74 [Left Wing]Dwight King
75.9%
#14 [Right Wing] Justin Williams
75%
#45 [Goalie]Jonathan Bernier
74.6%
#28 [Center]Jarret Stoll
71.9%
#26 [Defensemen]Slava Voynov
71%
#27 [Defensemen]Alec Martinez
69.6%
Player Number Player Name % Correct
#33 [Defensemen]Willie Mitchell
69.6%
#7 [Defensemen]Rob Scuderi
68.8%
#13 [Left Wing] Kyle Clifford
68.3%
#22 [Center]Trevor Lewis
68.3%
#71 [Center]Jordan Nolan
67.9%
#25 [Left Wing]Dustin Penner
67%
#12 [Left Wing]Simon Gagné
64.3%
#15 [Left Wing]Brad Richardson
59.4%
#24 [Center]Colin Fraser
55.8%
#44 [Defensemen]Davis Drewiske
49.1%
#19 [Center]Kevin Westgarth
43.8%
#48 [Center]Andrei Loktionov
41%
#21 [Right Wing] Scott Parse
36.2%

You're not logged in!

Compare scores with friends on all Sporcle quizzes.
Join for Free
OR
Log In

You Might Also Like...

Show Comments

Extras

Top Quizzes Today


Score Distribution

Your Account Isn't Verified!

In order to create a playlist on Sporcle, you need to verify the email address you used during registration. Go to your Sporcle Settings to finish the process.

Report this User

Report this user for behavior that violates our Community Guidelines.

Details: